000 00334nam a2200133Ia 4500
008 240624s9999 xx 000 0 und d
041 _aeng
082 _a006.312 BER
100 _aBERSON ALEX
245 _aBUILDING DATA MINING APPLICATIONS FOR CR
260 _c2004
_aNew Delhi
_bTata McGrawhill
300 _axxvii, : 510
365 _cRS
999 _c671
_d671